[Event "Novosibirsk op"]
[Site "Novosibirsk"]
[Date "2009.02.14"]
[Round "5"]
[White "Khanin, Semen"]
[Black "Kulikov, Vladimir N"]
[Result "1-0"]
[WhiteElo "1902"]
[BlackElo "2111"]
[PlyCount "81"]
[EventDate "2009.02.07"]
[EventType "swiss"]
[EventRounds "9"]
[EventCountry "RUS"]
[SourceTitle "EXT 2012"]
[Source "ChessBase"]
[SourceDate "2011.11.24"]
[SourceVersion "1"]
[SourceVersionDate "2011.11.24"]
[SourceQuality "1"]

1. e4 d5 2. exd5 Qxd5 3. Nf3 Nf6 4. d4 Bg4 5. Be2 e6 6. 0-0 c6 7. c4 Qd8 8. Nc3 Bd6 9. Re1 0-0 10. Bg5 Nbd7 11. Ne5 Bxe2 12. Qxe2 Qc7 13. c5 Bxe5 14. dxe5 Nd5 15. Nxd5 cxd5 16. Be7 Rfc8 17. Bd6 Qc6 18. b4 Qa4 19. Qd1 Qxd1 20. Rexd1 b6 21. Rdc1 bxc5 22. bxc5 Rc6 23. Rab1 f6 24. f4 fxe5 25. Rb7 Nf6 26. Bxe5 Ne8 27. Bd4 g6 28. Rcb1 Rc7 29. Rxc7 Nxc7 30. Rb7 Rc8 31. a4 a6 32. Kf2 Kf8 33. Ke3 Ke8 34. Be5 Kd7 35. Kd4 Kc6 36. Rb6+ Kd7 37. c6+ Kd8 38. Kc5 a5 39. Rb7 Na6+ 40. Kd6 Nc7 41. Bf6+ 1-0

[Event "Novosibirsk Elo"]
[Site "Novosibirsk"]
[Date "2008.02.09"]
[Round "1"]
[White "Kuzmin, Sergei"]
[Black "Kulikov, Vladimir N"]
[Result "1/2-1/2"]
[WhiteElo "2126"]
[BlackElo "2133"]
[PlyCount "49"]
[EventDate "2008.02.09"]
[EventType "tourn"]
[EventRounds "11"]
[EventCountry "RUS"]
[SourceTitle "EXT 2009"]
[Source "ChessBase"]
[SourceDate "2008.11.26"]
[SourceVersion "1"]
[SourceVersionDate "2008.11.26"]
[SourceQuality "1"]

1. d4 d5 2. c4 e6 3. Nc3 Nf6 4. Bg5 Be7 5. Nf3 0-0 6. e3 h6 7. Bxf6 Bxf6 8. Qd2 Nc6 9. Rc1 dxc4 10. Bxc4 e5 11. d5 Ne7 12. Ne4 Ng6 13. d6 cxd6 14. Qxd6 Qxd6 15. Nxd6 e4 16. Nd4 Bxd4 17. exd4 Nf4 18. g3 Ne6 19. 0-0 Nxd4 20. Rfd1 Nf3+ 21. Kg2 Ne5 22. Nxc8 Raxc8 23. Bd5 e3 24. fxe3 g6 25. h3 1/2-1/2